| 000 | 00831cab a2200277 4500 | ||
|---|---|---|---|
| 001 | ABS56729 | ||
| 008 | 090401t1997 xxu||||| |||| 00| 0 eng d | ||
| 035 | _a(Sirsi) u77622 | ||
| 041 | _aeng | ||
| 100 | _aTanney, A. | ||
| 245 | _aCode will manage agents` practice | ||
| 260 | _c1997 | ||
| 350 | _a0 | ||
| 490 |
_aProperty Week _v59(1) 4 April 1997, 18(1) |
||
| 520 | _aConsiders the new RICS code of practice for managing agents and how it will affect the professional conduct of agents. | ||
| 650 | _aCODE OF PRACTICE | ||
| 650 | _aLEASEHOLD REFORM, HOUSING AND URBAN DEVELOPMENT ACT 1993 | ||
| 650 | _aMANAGING AGENTS | ||
| 650 | _aRESIDENTIAL LETTINGS | ||
| 650 | _aABOUT RICS | ||
| 650 | _aSERVICE CHARGES | ||
| 690 |
_aBlock management _96220 |
||
| 700 | _aShea, C. | ||
| 942 | _n0 | ||
| 948 | _c07/04/1997 | ||
| 999 |
_c48794 _d48794 |
||